Harry Potter: Madame Guipure, prêt-à-porter pour mages et sorciers - Statistiques

Statistiques générales
  • Ce quiz a été pris 21 fois
  • Le résultat moyen est 14 sur 20
Statistiques - réponses
Information Réponses % Correct
Nation Angleterre
86%
Client connu Drago Malefoy
86%
Client connu Harry Potter
86%
Première apparition Harry Potter à l'école des sorciers
86%
Dernière apparition Harry Potter et les Reliques de la Mort
86%
Cliente connue Hermione Granger
86%
Ville Londres
86%
Propriétaire Madame Guipure
86%
Produit vendu Robes de sorciers noires
86%
Client connu Ron Weasley
86%
Pays Royaume-Uni
86%
Emplacement Chemin de Traverse
71%
Produit vendu Pantalons noirs
64%
Produit vendu Chaussures noires
57%
Produit vendu Chemises
57%
Produit vendu Chapeaux pointus
50%
Produit vendu Jupes
50%
Produit vendu Capes noires
43%
Produit vendu Gants en cuir de dragon
43%
Produit vendu Pulls gris
43%
Aucun quiz correspondant
Distribution des résultats
% des personnes avec chaque résultat
Percentile par nombre de réponses
Votre historique - résultats
Vous n’avez pas pris ce quiz